000 00455nam a2200193Ia 4500
005 20250603144915.0
008 250603s9999 xx 000 0 und d
020 _a9781292021027
050 _aQC 21.3 .W65/
100 _aWolfson, Richard.
245 0 _aEssential university physics volume 2
250 _a2nd ed.
260 _aUnited States
260 _bPearson
260 _c2014
300 _a586 p
650 _aUnited States
942 _cBK
999 _c40304
_d40304